| 000 | 00649nam a2200133Ia 4500 | ||
|---|---|---|---|
| 008 | 171212s9999 xx 000 0 und d | ||
| 020 | _a9780833076526 | ||
| 100 | _aJackson, Brian A.;LaTourrette, Tom;Chan, Edward W.;Lundberg, Russell;Morral, Andrew R. | ||
| 245 |
_cJackson, Brian A.;LaTourrette, Tom;Chan, Edward W.;Lundberg, Russell;Morral, Andrew R. _aEfficient Aviation Security _bStrengthening the Analytic Foundation for Making Air Transportation Security Decisions |
||
| 260 |
_bRAND Corporation _c2012 |
||
| 650 | _aAeronautics -- Security measures -- United States | ||
| 650 | _aHistory | ||
| 856 | _uwww.jstor.org/stable/10.7249/j.ctt3fgzzr | ||
| 999 |
_c351990 _d351990 |
||